| 000 | 00596nam a2200193Ia 4500 | ||
|---|---|---|---|
| 005 | 20250508152114.0 | ||
| 008 | 008 250505s9999 xx 000 0 eng d | ||
| 037 | _aTextual | ||
| 040 |
_aFEDL _beng _cFEDL |
||
| 041 |
_aeng _2eng |
||
| 084 |
_a370.15, REM _qFEDL |
||
| 100 |
_aRemmers H. H...(et.al ). Ed. _9760766 |
||
| 245 | 0 | _aGrowth teaching and learning : A book of readings | |
| 260 |
_aNew York, USA _bHarper and Brothers Publishers _c1957 |
||
| 300 | _ax,557p | ||
| 650 |
_aEducation - Psychology _9755527 |
||
| 942 |
_cTEXL _h370.15, REM |
||
| 999 |
_c1334276 _d1334276 |
||